000 00963nam a2200229Ia 4500
003 Ost
005 20260507075115.0
008 260507s9999||||xx |||||||||||||| ||und||
040 _cfsecg
041 _aara
082 _a382.1
100 _aداديان، ف.س
_eمؤلف
245 0 _aالنماذج الإقتصادية العالمية /
_c ف.س داديان
246 _aLes modèles économiques globaux
260 _aالجزائر:
_bديوان المطبوعات الجامعية,
_c1992
300 _a324 صفحة؛
_bإيضاحات ؛
_c24 سم
520 _aالعالم ككل- الاقطار والمجموعات الإقليمية- التجارة العالمية- النفقات العسكرية للبلدان الرأسمالية والنامية
653 _aالإقتصاد الدولي
653 _aالتجارة الدولية
700 _aالقزويني، علي محمد تقي
_eمؤلف ثانوي
942 _cكتاب
999 _c42993
_d42993